Studio Ghibli Characters - Statistics

General Stats
  • This quiz has been taken 270 times
  • The average score is 11 of 26
Answer Stats
Hint Answer % Correct
Supposedly eats pretty girls' hearts Howl
87%
Young witch who travels to a new city to train Kiki
86%
Fish girl who wants to be human Ponyo
82%
Sullen girl who wanders into the spirit world Chihiro
81%
Cursed with an old body Sophie
79%
Demon who moves the castle Calcifer
76%
Master of the bathhouse Yubaba
73%
Boy who turns into a dragon Haku
67%
Her talking cat Jiji
65%
Princess who fights for her valley Nausicaa
62%
Orphan girl who turns out to be Princess of Laputa Sheeta
40%
Twin sister of the above Zeniba
35%
Orphan boy who protects her Pazu
33%
Young boy who lives in the castle Markl
31%
Boy obsessed with flying who falls for the witch Tombo
29%
Six-armed man who runs the boiler Kamajii
26%
Young boy who finds an unusual goldfish Sosuke
26%
Sister of the above Lettie
23%
Sky pirate captain Dola
20%
Woman who takes the young witch in Osono
12%
Old traveler who is searching for answers Lord Yupa
10%
Father of the above; protector of the sea Fujimoto
9%
Old blind woman who tells the prophecy Obaba
9%
Pejite who befriends the princess Asbel
7%
Sister of the above, who died after a plane crash Lastelle
4%
Old woman who makes a herring pie Madame
2%
No matching quizzes found
Score Distribution
Percent of People with Each Score
Percentile by Number Answered
Your Score History
You have not taken this quiz